000 00645nam a22002057a 4500
003 OSt
005 20240530110422.0
008 150312s2009 ua aof f b 001 0 eng d
020 _a9789774162787
040 _aEG-CaGPL
_cEG-CaGPL
082 0 4 _221
_a932
_bCC/OA
100 1 _aO'CONNOR, David
245 1 0 _aAbydos :
_bEgypt's first pharaohs and the cult of Osiris /
_cDavid O'Connor.
260 _aCairo :
_bThe American University in Cairo Press,
_cc2009.
300 _a216 p. :
_bill. ;
_c26 cm.
504 _aIncludes bibliographical references and index.
650 0 _aEgypt
_xAntiquities
942 _2ddc
_cBK
999 _c60673
_d60673